James Bond Books Quiz Stats

 Plays Quiz Updated Aug 4, 2017

Also try: James Bond A-Z
Challenge
Share
Tweet
Embed
Score 0/49 Timer 10:00
2 Plays Today
Author Book % Correct
Ian FlemingCasino Royale
89.5%
Ian FlemingDr. No
84.6%
Ian FlemingGoldfinger
83.7%
Ian FlemingFrom Russia with Love
72.9%
Ian FlemingMoonraker
69.1%
Ian FlemingThunderball
63.5%
Ian FlemingLive and Let Die
62.1%
Ian FlemingThe Man with the Golden Gun
62%
John GardnerGoldenEye
61.4%
Ian FlemingYou Only Live Twice
57.6%
Ian FlemingDiamonds are Forever
57.1%
Ian FlemingOn Her Majesty's Secret Service
56.6%
Ian FlemingThe Spy Who Loved Me
55.2%
Raymond BensonDie Another Day
48.6%
Raymond BensonTomorrow Never Dies
44.6%
Raymond BensonThe World is Not Enough
42.1%
John GardnerLicense to Kill
39.7%
Ian FlemingFor Your Eyes Only
39.1%
Anthony HorowitzTrigger Mortis
13.7%
William BoydSolo
12.9%
Ian FlemingOctopussy and the Living Daylights
12.1%
Jeffrey DeaverCarte Blanche
9.9%
Sebastian FaulksDevil May Care
9.5%
Kingsley AmisColonel Sun
9.3%
John GardnerLicense Renewed
9%
Author Book % Correct
Charlie HigsonSilverFin
8.8%
John GardnerIcebreaker
7.7%
John GardnerNo Deals, Mr. Bond
6.7%
John GardnerCOLD
6.1%
John GardnerFor Special Services
6%
John GardnerScorpius
5.9%
Charlie HigsonBlood Fever
5.7%
John GardnerNobody Lives Forever
5.5%
John GardnerWin, Lose or Die
5.5%
Charlie HigsonDouble or Die
5.5%
Raymond BensonZero Minus Ten
5.4%
John GardnerBrokenclaw
5.3%
John GardnerNever Send Flowers
5.3%
Raymond BensonThe Man with the Red Tattoo
5.3%
John GardnerSeaFire
5.2%
Charlie HigsonHurricane Gold
5.2%
John GardnerThe Man from Barbarossa
5.2%
John GardnerRole of Honour
5.2%
Charlie HigsonBy Royal Command
5.1%
Raymond BensonHigh Time to Kill
5%
John GardnerDeath is Forever
4.9%
Raymond BensonDoubleShot
4.8%
Raymond BensonThe Facts of Death
4.6%
Raymond BensonNever Dream of Dying
4.4%

You're not logged in!

Compare scores with friends on all Sporcle quizzes.
OR
Log In

You Might Also Like...

Show Comments

Extras

Top Quizzes Today


Score Distribution

Your Account Isn't Verified!

In order to create a playlist on Sporcle, you need to verify the email address you used during registration. Go to your Sporcle Settings to finish the process.

Report this User

Report this user for behavior that violates our Community Guidelines.

Details: